[Event "London CSC Weekend U2050 op 10th"]
[Site "London"]
[Date "2018.12.16"]
[Round "4"]
[White "Gardner, Phillip K"]
[Black "Moncada Bueno, Juan C"]
[Result "1/2-1/2"]
[WhiteElo "1845"]
[BlackElo "1694"]
[PlyCount "72"]
[EventDate "2018.12.14"]
[EventType "swiss"]
[EventRounds "5"]
[EventCountry "ENG"]
[SourceTitle "EXT 2020"]
[Source "ChessBase"]
[SourceDate "2019.10.17"]
[SourceVersion "1"]
[SourceVersionDate "2019.10.17"]
[SourceQuality "1"]

1. e4 e5 2. Nf3 Nf6 3. d4 Nxe4 4. Bd3 d5 5. Nxe5 Be7 6. 0-0 0-0 7. c4 c6 8. Nc3 Nf6 9. cxd5 cxd5 10. Bf4 a6 11. Rc1 Re8 12. Qc2 Nbd7 13. Ne2 Nf8 14. Ng3 Ne6 15. Be3 Bd6 16. f4 Bb8 17. Qf2 Ba7 18. h3 Bb6 19. Nf5 Nf8 20. g4 Ne4 21. Bxe4 dxe4 22. Ng3 Qd5 23. b3 Bd7 24. Nc4 Ba7 25. f5 b5 26. Nd2 Rac8 27. Ne2 Rxc1 28. Rxc1 Rc8 29. Rxc8 Bxc8 30. Nc3 Qc6 31. Ncxe4 Bb7 32. Qf4 Qc2 33. a3 Qd3 34. Nd6 Bb8 35. Kf2 Bd5 36. Qe5 Bxb3 1/2-1/2

[Event "London CSC Weekend U2050 op 10th"]
[Site "London"]
[Date "2018.12.14"]
[Round "1"]
[White "Riding, Mick D"]
[Black "Moncada Bueno, Juan C"]
[Result "0-1"]
[WhiteElo "1879"]
[BlackElo "1694"]
[PlyCount "64"]
[EventDate "2018.12.14"]
[EventType "swiss"]
[EventRounds "5"]
[EventCountry "ENG"]
[SourceTitle "EXT 2020"]
[Source "ChessBase"]
[SourceDate "2019.10.17"]
[SourceVersion "1"]
[SourceVersionDate "2019.10.17"]
[SourceQuality "1"]

1. e4 e5 2. Nc3 Nf6 3. g3 Nc6 4. Bg2 Bc5 5. Nge2 a6 6. 0-0 0-0 7. Nd5 h6 8. c3 Re8 9. d4 Ba7 10. Nxf6+ Qxf6 11. d5 Ne7 12. Kh1 d6 13. f4 Bg4 14. fxe5 Qxe5 15. Qd3 Nxd5 16. Nd4 Nf6 17. Bf4 Qh5 18. Rae1 Bh3 19. Bd2 Bxg2+ 20. Kxg2 Nxe4 21. Rf5 Nc5 22. Qc4 Qg6 23. Ref1 Re7 24. h4 Ne4 25. Be1 Nf6 26. h5 Nxh5 27. Qd5 c6 28. Qb3 d5 29. Qd1 Nf6 30. Rxf6 gxf6 31. Nf5 Re4 32. Qf3 Rae8 0-1